Trí tuệ hoá mạng thông tin hiện đại /

Kaydedildi:
Detaylı Bibliyografya
Yazar: Không rõ
Materyal Türü: Kitap
Dil:Vietnamese
Baskı/Yayın Bilgisi: Bưu điện 2002
Etiketler: Etiketle
Etiket eklenmemiş, İlk siz ekleyin!
Thư viện lưu trữ: Mạng thư viện Đại học Đà Nẵng
LEADER 00682nam a2200265 4500
001 000028249
003 TĐ2
005 20150406120000.0
008 150406s vm 000 vie
020 |c 0,0000 
040 |a notts 
100 |a Không rõ 
245 |a Trí tuệ hoá mạng thông tin hiện đại /  |c Nguyễn Tôn Đồng biên dịch ; Nguyễn Trang Dũng hiệu đính. 
260 |b Bưu điện  |c 2002 
OWN |a LTT 
999 |a From the UDN01 
TYP |a Monograph 
TYP |a Printed language 
980 |a Mạng thư viện Đại học Đà Nẵng